01016nam a2200217 a 450000500170000000800410001702000140005804100080007209200190008010000310009924500780013025000430020826000890025130000270034050001620036765300160052965300280054594200120057399900150058595201980060020240506113007.0100708t2005||||sp a g |||| 00| 0 spa d a950964713 aspa c610.03l3sANT1 aAntón, Sebastián93751 aDiccionario Historia de la Medicina. bFasc.4 Kr-P /cSebastián Antón a1a ed. bTraducción Gerardo E. Laube aBuenos Aires:bEditorial Anejo Producciones ; The Parthenon Publishing Group;c2005. a469-626 p. c30x22 cm. aAntón, S. (2005). Diccionario Historia de la medicina. Fasc.4 KR-P. (1a ed.). Buenos Aires : Editorial Anejo Producciones ; The Parthenon Publishing Group. aDiccionario aHistoria de la Medicina 2ddccBK c2165d2165 00102ddc4070aBFMbBFMcCRd2015-05-28eDonacion Griselda Saulino, Mayo 2015l0o610.03 3 ANTp3491r2015-05-28tEj.1w2015-05-28yBKzHemeroteca 2022. Donacion Griselda Saulino, Mayo 2015f